Welcome to the Holygrace Academy Library

Please use search bar below to get started

THE STOLEN PRIZE (Record no. 7365)

MARC details
000 -LEADER
fixed length control field 00262nam a22001217a 4500
082 ## - DEWEY DECIMAL CLASSIFICATION NUMBER
Classification number 823
Item number KUD/S
100 ## - MAIN ENTRY--AUTHOR NAME
Personal name KUDAKAHIREL, THOMAS
245 ## - TITLE STATEMENT
Title THE STOLEN PRIZE
260 ## - PUBLICATION, DISTRIBUTION, ETC. (IMPRINT)
Place of publication BOMBAY
Name of publisher PAULINE
Year of publication 1995
300 ## - PHYSICAL DESCRIPTION
Number of Pages 38
650 ## - SUBJECT ADDED ENTRY--TOPICAL TERM
Topical Term ENGLISH STORY
Geographic subdivision INDIA
942 ## - ADDED ENTRY ELEMENTS (KOHA)
Koha item type Books
Holdings
Withdrawn status Lost status Collection code Home library Current library Date acquired Source of acquisition Cost, normal purchase price Full call number Accession Number Koha item type
Withdrawn Damaged Item Fiction Main Library Main Library 01/03/2002 purchase 7.00 823 KUD/S 00380 Books
Withdrawn Damaged Item Fiction Main Library Main Library 02/03/2002 purchase 12.00 823 KUD/S 00381 Books
Withdrawn Damaged Item Fiction Main Library Main Library 02/03/2002 purchase 12.00 823 KUD/S 00382 Books
Withdrawn Damaged Item Fiction Main Library Main Library 02/03/2002 purchase 12.00 823 KUD/S 00383 Books